Cloud computing : (Record no. 5057)

MARC details
000 -LEADER
fixed length control field 00635nam a22002297a 4500
003 - CONTROL NUMBER IDENTIFIER
control field OSt
005 - DATE AND TIME OF LATEST TRANSACTION
control field 20220107122810.0
008 - FIXED-LENGTH DATA ELEMENTS--GENERAL INFORMATION
fixed length control field 160405b xxu||||| |||| 00| 0 eng d
020 ## - INTERNATIONAL STANDARD BOOK NUMBER
International Standard Book Number 9788173719233
040 ## - CATALOGING SOURCE
Transcribing agency IIITMK
082 ## - DEWEY DECIMAL CLASSIFICATION NUMBER
Classification number 006.8 BAH/C
100 ## - MAIN ENTRY--PERSONAL NAME
Personal name Bahga, Arshdeep
9 (RLIN) 8799
245 ## - TITLE STATEMENT
Title Cloud computing :
Remainder of title A hands-on approach
Statement of responsibility, etc. Arshdeep Bahga
260 ## - PUBLICATION, DISTRIBUTION, ETC.
Place of publication, distribution, etc. Hyderabad,
Name of publisher, distributor, etc. Universities Press,
Date of publication, distribution, etc. 2014
300 ## - PHYSICAL DESCRIPTION
Extent 454p.
650 ## - SUBJECT ADDED ENTRY--TOPICAL TERM
Topical term or geographic name entry element CLOUD COMPUTING
9 (RLIN) 8800
650 ## - SUBJECT ADDED ENTRY--TOPICAL TERM
Topical term or geographic name entry element CLOUD ARCHITECTURE
9 (RLIN) 8801
650 ## - SUBJECT ADDED ENTRY--TOPICAL TERM
Topical term or geographic name entry element CLOUD SECURITY
9 (RLIN) 8802
650 ## - SUBJECT ADDED ENTRY--TOPICAL TERM
Topical term or geographic name entry element CLOUD SERVICES
9 (RLIN) 8803
700 ## - ADDED ENTRY--PERSONAL NAME
Personal name Madisetti, Vijay
9 (RLIN) 8804
942 ## - ADDED ENTRY ELEMENTS (KOHA)
Source of classification or shelving scheme Dewey Decimal Classification
Koha item type Books
Holdings
Withdrawn status Lost status Source of classification or shelving scheme Damaged status Not for loan Collection code Home library Current library Shelving location Date acquired Cost, normal purchase price Total Checkouts Full call number Barcode Date last seen Date last checked out Price effective from Koha item type
    Dewey Decimal Classification     Cloud Computing Kerala University of Digital Sciences, Innovation and Technology Knowledge Centre Kerala University of Digital Sciences, Innovation and Technology Knowledge Centre Computer Science 05/04/2016 375.00 4 006.8 BAH/C 4353 11/10/2023 30/03/2022 05/04/2016 Books
    Dewey Decimal Classification     Cloud Computing Kerala University of Digital Sciences, Innovation and Technology Knowledge Centre Kerala University of Digital Sciences, Innovation and Technology Knowledge Centre Computer Science 08/09/2017 394.00 1 006.8 BAH/C;1 4912 03/03/2023 15/12/2017 08/09/2017 Books